Der japanische markt : Rahmenbedingungen, wettbewerbsmerkmale und erfolgsfaktoren - dargestellt am beispiel von schweizer unternhmen
Guardat en:
| Autor principal: | |
|---|---|
| Format: | Llibre |
| Idioma: | Undetermined |
| Publicat: |
Germany
1993
|
| Matèries: | |
| Etiquetes: |
Afegir etiqueta
Sense etiquetes, Sigues el primer a etiquetar aquest registre!
|
| Thư viện lưu trữ: | Trung tâm Học liệu Trường Đại học Cần Thơ |
|---|
| LEADER | 00599nam a2200193Ia 4500 | ||
|---|---|---|---|
| 001 | CTU_105009 | ||
| 008 | 210402s9999 xx 000 0 und d | ||
| 082 | |a 380.10952 | ||
| 082 | |b P371 | ||
| 100 | |a Pedergnana, Maurice | ||
| 245 | 0 | |a Der japanische markt : | |
| 245 | 0 | |b Rahmenbedingungen, wettbewerbsmerkmale und erfolgsfaktoren - dargestellt am beispiel von schweizer unternhmen | |
| 245 | 0 | |c Maurice Pedergnana | |
| 260 | |a Germany | ||
| 260 | |c 1993 | ||
| 650 | |a Commerce,Markets | ||
| 650 | |z Japan,Japan | ||
| 904 | |i Hiếu | ||
| 980 | |a Trung tâm Học liệu Trường Đại học Cần Thơ | ||